| 000 | 00658nam a2200229Ia 4500 | ||
|---|---|---|---|
| 003 | GCL | ||
| 008 | 140319s9999 xx 000 0 eng d | ||
| 020 | _a0801852579 | ||
| 040 |
_aGCL / _cGCL |
||
| 082 | 0 | 4 |
_a338.9 _bD E |
| 100 | 1 | _aDIAMOND, LARRY JOY | |
| 245 | 1 | 0 |
_aECONOMIC REFORM AND DEMOCRACY / _cDIAMOND, LARRY JOY |
| 700 | 1 | _aPLATTNER, MARC F. | |
| 260 |
_aنيويورك : _bTHE JOHNS HOPKINS UNIVERSITY PRESS ، _c1995 |
||
| 300 |
_a22 CM ؛ _cXXII,252 P |
||
| 490 |
_aA JOUNAL OF DEMOCRACY BOOK _v0 |
||
| 650 | 0 | 4 | _aECONOMIC POLICY |
| 650 | 0 | 4 | _aDEMOCRACY |
| 650 | 0 | 4 | _aECONOMIC STABLIZATION |
| 650 | 0 | 4 | _aFREE ENTERPRISE |
| 942 |
_2ddc _cBK |
||
| 999 |
_c7037 _d7037 |
||